000 00538nam a22001937a 4500
005 20220802090428.0
008 220802b ||||| |||| 00| 0 eng d
040 _cAL
041 _aEnglish
082 _223
_a350.72
_bTHAF
100 _aM J K Thavaraj
_954243
245 _aFinancial Managemnent of Government
260 _aNew Delhi
_bSultan Chand and Sons
_c1978
300 _axvi,928 p.
_bHB
_c22.5x14.5 cm.
650 _aIndia
_954244
650 _aFinance, Public
_954245
700 _aTHAVARAJ (M J K)
_954246
942 _2ddc
_cGF
999 _c224346
_d224346